Responses for show #449 - Thursday, May 29, 1986

Marvin Shinkman game 4.

Contestants

Francis Hambidge, a freelance story analyst originally from Liverpool, England

Robert Wargo, a student from Fairfield, Connecticut

Marvin Shinkman, a stamp dealer from Van Nuys, California (whose 3-day cash winnings total $27,003)

Jeopardy! Round responses

HISTORY
TABLE MANNERS
MUSIC ON THE MAP
20th CENTURY ART
GOLF
LEFTOVERS
    $100 1
a pig

Marvin
    $100 25
(used) plates

Robert
    $100 13
Ipanema

Robert
    $100 11
Sears, Roebuck

Marvin
    $100 6
a bunker

Francis
    $100 20
the dot

Marvin
    $200 2
the Normans

Marvin
    $200 26
the fingers

Francis
    $200 14
on top of the world

Triple Stumper
    $200 12
cubism

Robert
    $200 7
Bing Crosby

Marvin
    $200 21
cigarette smoke

Marvin
    $300 3
the 16th

Francis
    $300 27
(Robert: What is his shirt?)

(Francis: What is his sleeve?)

tablecloth

RobertFrancis
Triple Stumper
    $300 15
(Alex: [*] is right! That's your home town!)

the Mersey

Francis
    $300 16
(Alex reads "MoMA" full as "Museum of Modern Art")

(Marvin: Who are the Astors?)

(Robert: Who are the Vanderbilts?)

the Rockefellers

MarvinRobert
Triple Stumper
    $300 8
a skins game

Francis
    $300 22
chinas

Marvin
    $400 4
Japan

Marvin
    $400 18
Wyoming

Triple Stumper
    $400 17
(Alex: That's right, he appeared as a ring announcer in a couple of the films.)

LeRoy Neiman

Robert
    $400 9
(Francis: Who is Greg Norman?)
...
(Alex: But I like your way of thinking, Francis. I was thinking of [*] and you were thinking of a guy, and that's as it should be for Jeopardy! at any rate.)

Jan Stephenson

Francis
Triple Stumper
    $400 23
(Robert: What are beauty parlors?)

the bathroom

Robert
Triple Stumper
    $500 5
the Eisenhower Doctrine

Triple Stumper
    $400 19
(Robert: What are Boston and New York?)

(2 of) Mexico, Alaska, Berlin, Hong Kong, and Waikiki, Hawaii

Robert
    $500 28
a robot

Marvin
    $500 10
(Alex: He played in that skins game that was telecast, [*])

Tom Watson

Triple Stumper
    $500 24
a honda

Triple Stumper

Scores at the first commercial break (after clue 14):

Marvin Robert Francis
$1,000 $300 $300

Scores at the end of the Jeopardy! Round:

Marvin Robert Francis
$1,800 -$600 $500

Double Jeopardy! Round responses

MATHEMATICS
COLORADO
FASHION
RUSSIAN LITERATURE
"DAVID"s
FUTURISTIC FILMS
(Alex: That last one is a new one for us here on Jeopardy!)
    $200 16
letters

Marvin
    $200 17
(Marvin: What is silver ore?)
...
(Alex: It's paved with a very low grade [*].)

gold ore

Marvin
Triple Stumper
    $200 18
World War I

Francis
    $200 1
poetry

Robert
    $200 11
David Eisenhower

Marvin
    $200 4
Sleeper

Marvin
    $400 21
hypotenuse

Robert
    $400 24
the southwest corner

Robert
    $400 19
the shoulder

Marvin
    $400 2
suicide

Robert
    $400 12
David Horowitz

Marvin
    $200 5
Close Encounters of the Third Kind

Marvin
    $800 22
10 cubed

Robert
    $600 28
Horace Greeley

Triple Stumper
    $600 20
the zipper

Robert
    $600 3
Lenin

Marvin
    $600 13
David Ben-Gurion

Robert
    $600 6
New York

Robert
    $800 23
axiom

Marvin
    $800 29
[audience laughs]

cannibalism

Marvin
    $800 26
a kimono

Francis
    $800 7
"Fathers and Sons"

Robert
    $800 14
Hal David

Robert
    $800 9
Barbarella

Marvin
    $1000 25
3 and 7

Robert
    $1000 27
an Inverness

Triple Stumper
    $1000 8
(Alexander) Pushkin

Robert
    $1000 15
(Robert: Who is David Tomer?)

David Birney

Robert
Triple Stumper
    $1000 10
Elois (or Morlocks)

Marvin

Scores at the end of the Double Jeopardy! Round:

Marvin Robert Francis
$7,200 $6,000 $1,500

[wagering suggestions for these scores]

Final Jeopardy! Round responses

THE NOBEL PRIZE
FrancisWhat is the ?
$1,498
RobertWhat is the Red Cross
$5,000
Marvinthe Red Cross
$5,000
the Red Cross

Final scores:

Marvin Robert Francis
$12,200 $11,000 $2
4-day champion: $39,203 2nd place: a trip to Jamaica aboard Eastern Airlines + a week's vacation at Sandals resort 3rd place: Maytag washer & dryer

Game dynamics:

Coryat scores:

Marvin Robert Francis
$7,400 $6,200 $1,500
20 R
(including 1 DD),
2 W
16 R
(including 1 DD),
5 W
(including 1 DD)
7 R,
2 W

Combined Coryat: $15,100

The J! Archive is created by fans, for fans. The Jeopardy! game show and all elements thereof, including but not limited to copyright and trademark thereto, are the property of Jeopardy Productions, Inc. and are protected under law. This website is not affiliated with, sponsored by, or operated by Jeopardy Productions, Inc. Join the discussion at JBoard.tv.